Cinco obras en un acto
Kaydedildi:
| Asıl Yazarlar: | , , , , , , |
|---|---|
| Materyal Türü: | Kitap |
| Dil: | İspanyolca |
| Baskı/Yayın Bilgisi: |
Santiago
Ministerio de Educación
1982
|
| Seri Bilgileri: | Cuadernos de Teatro, 6
|
| Konular: | |
| Etiketler: |
Etiketle
Etiket eklenmemiş, İlk siz ekleyin!
|
MARC
| LEADER | 00000nam a2200000 a 4500 | ||
|---|---|---|---|
| 001 | UCQ7500 | ||
| 003 | CL-VaPUC | ||
| 008 | 981113e19820000CL |||||||||||||||||spa|d | ||
| 082 | 0 | 4 | |a Ch862 |b GAL |2 21 |
| 100 | |a Gallegos Abarca, Manuel |e author |9 322693 | ||
| 700 | 0 | |a Díaz Meza, Aurelio |e author |9 421319 | |
| 700 | 0 | |a Bunster, Enrique |e author |9 421320 | |
| 700 | 0 | |a Aguirre, Isidora |e author |9 345740 | |
| 700 | 0 | |a Silva, Jaime |e author |9 421321 | |
| 700 | 0 | |a Seiveking, Alejandro |e author |9 421322 | |
| 700 | 0 | |a Klesky, Anita |e author |9 421323 | |
| 245 | 1 | 0 | |a Cinco obras en un acto |
| 300 | |a 112 p | ||
| 942 | |c BK | ||
| 945 | |d 19981113 00:00:00 |a crobeson | ||
| 260 | |a Santiago |b Ministerio de Educación |c 1982 | ||
| 500 | |a Incluye: Martes, Jueves y Sábado, de Aurelio Díaz Meza | ||
| 500 | |a Nadie puede saberlo, de Enrique BUnster | ||
| 500 | |a Don Anacleto Avaro, de Isidora Aguirre | ||
| 500 | |a Juego de niños, de Jaime Silva | ||
| 500 | |a El paraíso semi-perdido, de Alejandro Sieveking | ||
| 650 | 0 | |a Dramas chilenos |9 313819 | |
| 650 | 0 | |a Literatura chilena |9 308278 | |
| 583 | |a last modification |c 19981113 00:00:00 |k Rodrigo Vera | ||
| 490 | 0 | |a Cuadernos de Teatro, 6 | |
| 999 | |c 277105 |d 277103 | ||
| 952 | |0 0 |1 0 |4 0 |6 CH_862_000000000000000_GAL_1982 |7 0 |8 A |9 314844 |a BIBEDU |b BIBEDU |d 2019-11-20 |i 1490133 |o Ch862 GAL 1982 |p 1490133 |r 2019-11-20 |w 2019-11-20 |y BK |k LIT | ||